| 000 | 00936nam a2200217Ia 4500 | ||
|---|---|---|---|
| 003 | OSt | ||
| 005 | 20200805150044.0 | ||
| 008 | 191128s2001 ck fr 000 0 spa d | ||
| 040 |
_aCO-JMCR _cCO-JMCR |
||
| 041 | 0 | _aspa | |
| 082 | 0 | 4 |
_a343.0786908 / _bM352v _223 |
| 110 | 1 |
_aColombia. _bMinisterio de Desarrollo Económico _98456 |
|
| 245 | 1 | 0 |
_aVivienda de interés social : _bmarco legal / _cColombia |
| 250 | _a1a. edición | ||
| 260 |
_aBogotá : _bMinisterio de Desarrollo Económico, _c2001 |
||
| 300 |
_a236 páginas ; _c28 cm. |
||
| 505 | 0 | _aReglamentación sobre el subsidio familiar para vivienda de interés social -- Reglamentación sobre la financiación para la vivienda de interés social -- Aspectos legales sobre los fondos municipales para vivienda -- Legislación especial en caso de desastre | |
| 650 | 1 | 4 |
_aSubsidio de vivienda _98457 |
| 650 | 1 | 4 |
_aVivienda de interes social _xlegislación _98458 |
| 942 |
_2ddc _cBK |
||
| 999 |
_c5907 _d5907 |
||